000 00354nam a2200133Ia 4500
008 151001s9999||||xx |||||||||||||| ||und||
100 _aअशोक पवार
245 _aतसव्या
250 _a1
260 _bमनोविकास प्रकाशन पुणे
260 _c२०१३
300 _a218
365 _b21
999 _c1002180
_d1002177